00505nam a2200157Ia 4500003000200000005001700002008004100019020001800060050002600078245008300104260004200187300005100229500002000280650002400300650002300324020260212141310.0200302s9999 xx 000 0 und d a9780128124758 aRS 182.S6b.M489 2018 cedited by Namrita Lall.aMedicinal plants for holistic health and well-being / aUnited Kingdom:bAcademic Pressc2018 axv, 312 pages :bcolored illustrations;c23 cm aIncludes index. aMedicinal plants.  aPlants, Medicinal.